000 00373nam a2200121 4500
008 180209b xxu||||| |||| 00| 0 eng d
100 _926316
_aNanquil, Luisito.
245 _aChallenges and opportunities on educational reforms/
_cLuisito Nanquil.
260 _aPhilippines:
_bSun Star Davao,
_cc2017.
300 _apage B3.
650 0 _926317
_aEducation.
942 _2ddc
_cPER
999 _c8532
_d8532